00513 2200205 4500001002100000005001500021035002000036245005200056100001900108250001100127300003200138700001800170260003200188082001000220084001600230020002200246650001700268990001100285990001100296INLIS00000000000177420241209111000 a0010-12240000271 aMuhammad :bRisalah & Nubuwah /cZhaenal Fanani0 aZhaenal Fanani acet. 3 a256 hlm :bilust ;c20,5 cm0 aNi'am Sa'diah aJakarta :bSalsabila,c2024 a741.5 a741.5 ZHA m a978-623-8019-00-7 4aKomik Islami a003703 a003704